000 00777cac a2200253 a 4500
003 Co-PeBPM
005 20250817235337.0
008 231129e1988||||ck a||||||||||||| ||spa||
020 _a8476348355
040 0 _aCo-PeBPM
_bspa
_cCo-PeBPM
_erda
041 _aspa
082 0 4 _a519.2 B731p
_222
100 1 _aBorel, Émile
_eautor
245 1 0 _aLas probabilidades y la vida
_c/ Emile Borel, traducción A. Giralt Pont
260 _aBarcelona, España
_b: Orbis
_c, 1988
300 _a119 páginas
_c; 20 centímetros
500 _aIncluye índice.
650 1 4 _aCasualidad
_2LEMB
650 1 4 _aProbabilidades
_2LEMB
650 1 4 _aVida
_2LEMB
650 1 4 _aHistoria
_2LEMB
700 _aPont Giralt. A
_eTraducción
942 _2ddc
_cBK
999 _c18923
_d18923